|
|
|
|
| LEADER |
00000cam a2200000 7i4500 |
| 001 |
0000012304 |
| 005 |
20090907.0 |
| 008 |
071212 |
| 020 |
|
|
|a 9833710263
|
| 090 |
0 |
0 |
|a 153
|b ATK
|
| 100 |
1 |
|
|a Atkinson, William Walker
|
| 245 |
1 |
4 |
|a The mastery of mental control in business and everyday life
|c William Walker Atkinson
|
| 260 |
|
|
|a Selangor :
|b Masterpiece Publication ,
|c 2006
|
| 650 |
|
0 |
|a Critical thinking
|
| 650 |
|
0 |
|a Self
|x Psychology
|
| 650 |
|
0 |
|a Thought and thinking
|
| 710 |
0 |
|
|a Title
|
| 999 |
|
|
|a 0001003481
|b Book
|c Adult Collection
|e Perbadanan Perpustakaan Awam Johor
|
| 999 |
|
|
|a 0001003482
|b Book
|c Adult Collection
|e Perbadanan Perpustakaan Awam Johor
|
| 999 |
|
|
|a 0001003483
|b Book
|c Adult Collection
|e Cawangan Urban Transformation Centre
|
| 999 |
|
|
|a 0001012109
|b Book
|c Adult Collection
|e Cawangan Bandar Penawar
|
| 999 |
|
|
|a 0001020233
|b Book
|c Adult Collection
|e Cawangan Mersing
|
| 999 |
|
|
|a 0001020468
|b Book
|c Adult Collection
|e Cawangan Bandar Tenggara
|